<?xml version="1.0" encoding="UTF-8"?>
<record
    xmlns:xsi="http://www.w3.org/2001/XMLSchema-instance"
    xsi:schemaLocation="http://www.loc.gov/MARC21/slim http://www.loc.gov/standards/marcxml/schema/MARC21slim.xsd"
    xmlns="http://www.loc.gov/MARC21/slim">

  <leader>03972cam a22003738a 4500</leader>
  <controlfield tag="001">15152308</controlfield>
  <controlfield tag="005">20080215172654.0</controlfield>
  <controlfield tag="008">080124s2008    nyu      b    001 0 eng  </controlfield>
  <datafield tag="010" ind1=" " ind2=" ">
    <subfield code="a">2008003042</subfield>
  </datafield>
  <datafield tag="020" ind1=" " ind2=" ">
    <subfield code="a">9780415451840 (hbk : alk. paper)</subfield>
  </datafield>
  <datafield tag="020" ind1=" " ind2=" ">
    <subfield code="a">9780415451864 (pbk : alk. paper)</subfield>
  </datafield>
  <datafield tag="020" ind1=" " ind2=" ">
    <subfield code="a">0415451841 (hbk : alk. paper)</subfield>
  </datafield>
  <datafield tag="020" ind1=" " ind2=" ">
    <subfield code="a">0415451868 (pbk : alk. paper)</subfield>
  </datafield>
  <datafield tag="040" ind1=" " ind2=" ">
    <subfield code="a">DLC</subfield>
    <subfield code="c">DLC</subfield>
    <subfield code="d">DLC</subfield>
  </datafield>
  <datafield tag="050" ind1="0" ind2="0">
    <subfield code="a">HT166</subfield>
    <subfield code="b">.W676 2008</subfield>
  </datafield>
  <datafield tag="082" ind1="0" ind2="0">
    <subfield code="a">307.1216</subfield>
    <subfield code="2">22</subfield>
    <subfield code="b">WOR</subfield>
  </datafield>
  <datafield tag="245" ind1="0" ind2="0">
    <subfield code="a">World Cities and Urban Form :</subfield>
    <subfield code="b">Fragmented, Polycentric, Sustainable? /</subfield>
    <subfield code="c">edited by Mike Jenks, Daniel Kozak and Pattaranan Takkanon.</subfield>
  </datafield>
  <datafield tag="260" ind1=" " ind2=" ">
    <subfield code="a">New York :</subfield>
    <subfield code="b">Routledge,</subfield>
    <subfield code="c">c2008.</subfield>
  </datafield>
  <datafield tag="263" ind1=" " ind2=" ">
    <subfield code="a">0805</subfield>
  </datafield>
  <datafield tag="300" ind1=" " ind2=" ">
    <subfield code="a">ix, 373 p. :  </subfield>
    <subfield code="b">ill., maps ;</subfield>
    <subfield code="c">26 cm.</subfield>
  </datafield>
  <datafield tag="504" ind1=" " ind2=" ">
    <subfield code="a">Includes bibliographical references and index.</subfield>
  </datafield>
  <datafield tag="505" ind1="0" ind2=" ">
    <subfield code="a">Introduction : world cities and urban form / Mike Jenks, Daniel Kozak and Pattaranan Takkanon -- What is a "world class" city? : comparing conceptual specifications of cities in the context of a global urban network / Ben Derudder and Frank Witlox -- Globalisation and the forms of cities / Peter Marcuse -- The world city hypothesis revisited : export and import of urbanity is a dangerous business / Darko Radovic -- Sustainability and the "world class" city : what is being sustained and for who? / Judy Rogers -- Polycentrism and "defragmentation" : towards a more sustainable urban form? / Mike Jenks and Daniel Kozak -- Promoting sustainable urban form : implementing urban consolidation policies around the Helsinki metropolitan region / Olli Maijala and Rauno Sairinen -- Spatial disparities based on human and social capital / Natasa Urbancikova and Oto Hudec -- The model Barcelona : 1979-2004 and beyond / Jaume Carne and Aleksandar Ivancic -- Sustainable "world class" cities and glocal sprawl in Southeast Asian metropolitans / Sidh Sintusingha -- Quality of life and spatial urban forms of mega-city regions in Japan / Kiyonobu Kaido and Jeahyun Kwon -- Global integration, growth patterns and sustainable development : a case study of the peri-urban area of Shanghai / Jiaping Wu -- Taichung the waiting metropolis and its campaign towards a "world class" city : a case of glocollision, glocoalition or glocalisation? / Shih-wei Lo -- "World class" Vancouver : a terminal city re-imagined / May So -- Planning a "world class" city without zoning : the experience of Houston / Zhou Qian -- Aspects of urban fragmentation -- Assessing urban fragmentation : the emergence of new typologies in central Buenos Aires / Daniel Kozak -- Tracking sustainable urban forms and material flows in Singapore / Perry Pei-Ju Yang -- The right to the city : stakeholder perspectives of greater Cairo metropolitan communities / Wael Salah Fahmi -- "World class" living? / Nuttinee Karnchanaporn and Apradee Kasemsook -- Bangkok's struggle to achieve a successful transportation system / Wapen Charoentrakulpeeti and Willi Zimmerman -- To be or not to be a "world class" city? : poverty and urban form in Paris and Bucharest / Oana-Liliana Pavel -- Inner truth of the slums in mega cities : a scenario from India / Vijay Neekhra, Takashi Onishi and T. Kidokoro -- Conclusion : the form of cities to come? / Mike Jenks, Daniel Kozak and Pattaranana Takkanon.</subfield>
  </datafield>
  <datafield tag="650" ind1=" " ind2="0">
    <subfield code="a">City planning</subfield>
    <subfield code="v">Case studies.</subfield>
    <subfield code="9">7267</subfield>
  </datafield>
  <datafield tag="650" ind1=" " ind2="0">
    <subfield code="a">Cities and towns</subfield>
    <subfield code="x">Growth</subfield>
    <subfield code="v">Case studies.</subfield>
    <subfield code="9">7268</subfield>
  </datafield>
  <datafield tag="650" ind1=" " ind2="0">
    <subfield code="a">Metropolitan areas</subfield>
    <subfield code="v">Case studies.</subfield>
    <subfield code="9">7269</subfield>
  </datafield>
  <datafield tag="650" ind1=" " ind2="0">
    <subfield code="a">Urban policy</subfield>
    <subfield code="v">Case studies.</subfield>
    <subfield code="9">7270</subfield>
  </datafield>
  <datafield tag="650" ind1=" " ind2="0">
    <subfield code="a">Sustainable development</subfield>
    <subfield code="v">Case studies.</subfield>
    <subfield code="9">7271</subfield>
  </datafield>
  <datafield tag="700" ind1="1" ind2=" ">
    <subfield code="a">Jenks, M.</subfield>
    <subfield code="q">(Michael)</subfield>
    <subfield code="9">7272</subfield>
  </datafield>
  <datafield tag="700" ind1="1" ind2=" ">
    <subfield code="a">Kozak, Daniel.</subfield>
    <subfield code="9">7273</subfield>
  </datafield>
  <datafield tag="700" ind1="1" ind2=" ">
    <subfield code="a">Takkanon, Pattaranan.</subfield>
    <subfield code="9">7274</subfield>
  </datafield>
  <datafield tag="942" ind1=" " ind2=" ">
    <subfield code="2">ddc</subfield>
    <subfield code="c">BB</subfield>
  </datafield>
  <datafield tag="999" ind1=" " ind2=" ">
    <subfield code="c">12126</subfield>
    <subfield code="d">12126</subfield>
  </datafield>
  <datafield tag="952" ind1=" " ind2=" ">
    <subfield code="0">0</subfield>
    <subfield code="1">0</subfield>
    <subfield code="2">ddc</subfield>
    <subfield code="4">0</subfield>
    <subfield code="7">0</subfield>
    <subfield code="8">Alahram</subfield>
    <subfield code="a">MAIN</subfield>
    <subfield code="b">MAIN</subfield>
    <subfield code="c">1ST</subfield>
    <subfield code="d">2009-06-30</subfield>
    <subfield code="e">Purchase</subfield>
    <subfield code="g">378.00</subfield>
    <subfield code="h">381</subfield>
    <subfield code="l">5</subfield>
    <subfield code="o">307.1216 WOR</subfield>
    <subfield code="p">000016990</subfield>
    <subfield code="r">2025-07-15 00:00:00</subfield>
    <subfield code="s">2017-12-03</subfield>
    <subfield code="y">BB</subfield>
  </datafield>
</record>
